000 00957nam a2200301 i 4500
003 EG-GICUC
005 20260128223843.0
008 260128s1955 fr ||||fr ||| 00| 0 fre d
040 _aEG-GICUC
_cEG-GICUC
_dEG-GICUC
_erda
_bfre
041 0 _afre
082 0 4 _221
_a341.81
_bPO . R
092 0 4 _221
099 _aLaw1 12 341.81 PO . R 1955
100 1 _aPolitis,Jacques
_eAuteur
245 1 2 _aRecueil Des Arbitrages Internationaux .
_hTome 3 /
_cJacques Politis .
264 0 _aParis :
_bLes Editions Internationales ,
_c1954 .
300 _a768 Pages ;
_c30 cm.
336 _atext
_2rda content
337 _aComputer
_2rda media
338 _aOnline Resource
_2rda carrier
546 _aTexte en français
650 0 4 _aDroit international privé
650 0 4 _aNationalité - Droit International
700 1 _aSalomon,Andre
_eAuteur
856 _uhttps://fll.law.cu.edu.eg/fulltext/th/B12-02188.pdf
905 _a59
942 _2ddc
_cBK
_e21
_n0
999 _c60011
_d60011